[Event "Kazan 71/434"]
[Site "?"]
[Date "1997.??.??"]
[Round "?"]
[White "Kramnik, Vladimir"]
[Black "Bareev, Evgeny"]
[Result "0-1"]
[WhiteElo "2770"]
[BlackElo "2670"]
[PlyCount "90"]
[EventDate "1997.??.??"]
[Source "ChessBase"]
[SourceDate "1997.10.01"]

1. Nf3 d5 2. d4 Nf6 3. c4 e6 4. Nc3 Bb4 5. Qa4+ Nc6 6. a3 Be7 7. cxd5 exd5 8. Bf4 O-O 9. e3 Bf5 10. Ba6 bxa6 11. Qxc6 Rb8 12. b4 Rb6 13. Qa4 Nh5 14. Bg3 Rh6 15. O-O Nxg3 16. hxg3 Bd6 17. Rfe1 Be4 18. Nxe4 dxe4 19. Nd2 f5 20. Qxa6 Qg5 21. Qe2 Rh5 22. Nc4 Qh6 23. f4 exf3 24. Qxf3 Bxg3 25. Qxg3 f4 26. Qg4 fxe3 27. Qxh5 Qxh5 28. Nxe3 Qh4 29. Re2 Qxd4 30. Rd1 Qc3 31. Nd5 Qxa3 32. Kh2 h6 33. Re3 Qa6 34. Nxc7 Qc4 35. Nd5 Kh7 36. Rc3 Qh4+ 37. Rh3 Qg4 38. Rd2 Rf5 39. Rhd3 Qh4+ 40. Rh3 Qc4 41. Rhd3 Qh4+ 42. Rh3 Qe4 43. Re3 Rh5+ 44. Kg1 Qb1+ 45. Kf2 Rxd5 0-1

[Event "Dos Hermanas"]
[Site "?"]
[Date "1995.??.??"]
[Round "?"]
[White "Kamsky, G."]
[Black "Polgar, Judit"]
[Result "1/2-1/2"]
[WhiteElo "2710"]
[BlackElo "2630"]
[PlyCount "103"]
[EventDate "1995.??.??"]
[Source "ChessBase"]
[SourceDate "1995.02.01"]

1. Nf3 e6 2. c4 d5 3. d4 Nd7 4. Nc3 Ngf6 5. Bg5 Bb4 6. cxd5 exd5 7. e3 c5 8. Bd3 Qa5 9. Qc2 c4 10. Bf5 O-O 11. O-O Re8 12. Nd2 g6 13. Bxd7 Nxd7 14. Rfe1 Nb6 15. f3 Na4 16. Rac1 Nxc3 17. bxc3 Ba3 18. Rb1 Bf5 19. e4 Bd7 20. Nf1 dxe4 21. f4 b6 22. Ne3 Rac8 23. Rf1 f5 24. Bf6 Bf8 25. Be5 Qa4 26. Qf2 Qc6 27. h3 Bg7 28. Kh2 Rf8 29. g4 Rce8 30. gxf5 Bxf5 31. Qg3 Re7 32. Rf2 Ref7 33. Rbf1 b5 34. h4 h5 35. Rg2 Kh7 36. Rfg1 Bh6 37. d5 Qd7 38. d6 Bg4 39. Nxg4 Qxg4 40. Qxg4 hxg4 41. Rxg4 Bxf4+ 42. Bxf4 Rxf4 43. Rxf4 Rxf4 44. Rd1 Rf8 45. d7 Rd8 46. Kg3 Kg7 47. Kf4 Kf6 48. Rd5 e3 49. Kxe3 Ke6 50. Rxb5 Rxd7 51. Ke4 Rd3 52. Ra5 1/2-1/2

[Event "Polanica Zdroj"]
[Site "?"]
[Date "1997.??.??"]
[Round "?"]
[White "Bareev, E."]
[Black "Aleksandrov, A."]
[Result "1/2-1/2"]
[WhiteElo "2670"]
[BlackElo "2660"]
[PlyCount "31"]
[EventDate "1997.??.??"]
[Source "ChessBase"]
[SourceDate "1997.06.01"]

1. d4 Nf6 2. c4 e6 3. Nf3 d5 4. Nc3 Bb4 5. Bg5 h6 6. Bxf6 Qxf6 7. e3 c5 8. Rc1 dxc4 9. Bxc4 cxd4 10. Nxd4 O-O 11. O-O Bd7 12. Qb3 Nc6 13. Nxc6 Bxc3 14. Nxa7 Bxb2 15. Rcd1 Be8 16. Nb5 1/2-1/2

[Event "Match"]
[Site "Cannes match"]
[Date "1993.??.??"]
[Round "2"]
[White "Kramnik, Vladimir"]
[Black "Lautier, Joel"]
[Result "1-0"]
[WhiteElo "2685"]
[BlackElo "2645"]
[PlyCount "64"]
[EventDate "1993.??.??"]
[Source "www.chesslib.no"]
[SourceDate "2004.05.04"]

1. d4 d5 2. Nf3 Nf6 3. c4 e6 4. Nc3 Bb4 5. Bg5 Nbd7 6. cxd5 exd5 7. Qc2 h6 8. Bh4 c5 9. e3 c4 10. Be2 Qa5 11. O-O Bxc3 12. bxc3 Ne4 13. Rfc1 Nb6 14. a4 Bf5 15. Qb2 O-O 16. Bd1 Rfe8 17. Ra2 f6 18. Nd2 Bd7 19. Nf1 Nxa4 20. Qxb7 Red8 21. Bxa4 Bxa4 22. Rca1 Nxc3 23. Rxa4 Nxa4 24. Qc6 Rdc8 25. Rxa4 Rxc6 26. Rxa5 c3 27. Ra1 c2 28. Rc1 Rb8 29. Nd2 a5 30. Kf1 a4 31. Ke2 a3 32. Kd3 a2 1-0

[Event "Batumi"]
[Site "?"]
[Date "1999.??.??"]
[Round "?"]
[White "Krasenkow, M."]
[Black "Korchnoi, V."]
[Result "1/2-1/2"]
[WhiteElo "2645"]
[BlackElo "2675"]
[PlyCount "41"]
[EventDate "1999.??.??"]
[Source "Chess Informant"]
[SourceDate "1999.10.01"]

1. d4 Nf6 2. c4 e6 3. Nf3 d5 4. Nc3 Bb4 5. Qa4+ Nc6 6. e3 O-O 7. Bd2 a6 8. a3 Bxc3 9. Bxc3 Ne4 10. Qc2 Nxc3 11. Qxc3 Re8 12. Rd1 Bd7 13. Bd3 dxc4 14. Bxc4 Ne7 15. e4 Bb5 16. b3 Qd6 17. a4 Bxc4 18. bxc4 c5 19. O-O cxd4 20. Rxd4 Qc7 21. Rfd1 1/2-1/2

[Event "Corus B"]
[Site "Wijk aan Zee NED"]
[Date "2008.01.20"]
[Round "8"]
[White "Bacrot, E."]
[Black "Koneru, H."]
[Result "1/2-1/2"]
[WhiteElo "2700"]
[BlackElo "2612"]
[PlyCount "245"]
[EventDate "2008.01.12"]
[Source "www.chesslib.no"]
[SourceDate "2004.05.04"]

1. d4 Nf6 2. c4 e6 3. Nc3 Bb4 4. Nf3 d5 5. Bg5 O-O 6. e3 c5 7. cxd5 exd5 8. dxc5 Nbd7 9. Rc1 Nxc5 10. Qd4 Bxc3+ 11. Qxc3 Nce4 12. Bxf6 Nxf6 13. Be2 Bg4 14. O-O Qb6 15. h3 Rfc8 16. Qd2 Be6 17. Qd4 Nd7 18. Rfd1 h6 19. Qxb6 Nxb6 20. Nd4 Rxc1 21. Rxc1 Rc8 22. Rb1 Nc4 23. g4 Ne5 24. Bb5 a6 25. Ba4 b5 26. Bb3 Nc6 27. Ne2 a5 28. Nf4 g5 29. Nxd5 Bxd5 30. Bxd5 Nb4 31. Bb7 Rc7 32. a3 Rxb7 33. axb4 a4 34. Rc1 Rd7 35. Rc5 Rd2 36. Rxb5 Rxb2 37. Kg2 Kg7 38. Kg3 a3 39. Ra5 a2 40. b5 Rxb5 41. Rxa2 Rb1 42. Ra6 Rg1+ 43. Kh2 Rb1 44. Kg2 Rb4 45. Rd6 Ra4 46. Rd3 Rb4 47. Kg3 Rb1 48. Rd5 Rg1+ 49. Kh2 Ra1 50. Kg2 Rb1 51. h4 gxh4 52. e4 Re1 53. f3 Kg6 54. Rh5 Ra1 55. Rxh4 Ra5 56. Kg3 f6 57. Rh1 Rb5 58. Rd1 Rb3 59. Rd5 Ra3 60. Kf4 Rb3 61. Rc5 Ra3 62. Rc6 Ra5 63. Rd6 Kg7 64. Rd3 Kg6 65. Kg3 Ra4 66. Rd6 Kg7 67. Rd7+ Kg6 68. Kh4 Ra1 69. f4 Rh1+ 70. Kg3 Rg1+ 71. Kf2 Rxg4 72. Kf3 h5 73. f5+ Kg5 74. Rg7+ Kh6 75. Rxg4 hxg4+ 76. Kxg4 Kg7 77. Kg3 Kg8 78. Kg2 Kg7 79. Kf1 Kf7 80. Ke2 Ke7 81. Ke3 Kd7 82. Kd3 Kc7 83. Kc3 Kd7 84. Kb3 Kd6 85. Kc2 Kc7 86. Kd2 Kd8 87. Ke2 Ke8 88. Kf3 Ke7 89. Ke3 Kd7 90. Kd4 Kd6 91. Kc4 Kc6 92. Kb4 Kd6 93. Kc3 Kc7 94. Kc2 Kc8 95. Kb2 Kd7 96. Kb1 Kd6 97. Kc2 Kc7 98. Kd1 Kd8 99. Ke1 Ke8 100. Kf1 Kf8 101. Kg1 Kf7 102. Kg2 Kf8 103. Kg3 Kf7 104. Kf2 Kf8 105. Ke1 Ke8 106. Kd2 Kd8 107. Kc3 Kc7 108. Kb4 Kd6 109. Kc4 Kc6 110. Kd4 Kd6 111. e5+ fxe5+ 112. Ke4 Ke7 113. Kxe5 Kf7 114. Kf4 Kf6 115. Kg4 Kf7 116. Kg5 Kg7 117. f6+ Kf7 118. Kf5 Kf8 119. Kf4 Kf7 120. Ke5 Kf8 121. Ke6 Ke8 122. f7+ Kf8 12 . Kf6 1/2-1/2

[Event "Moscow Aeroflot op"]
[Site "Moscow"]
[Date "2002.02.07"]
[Round "4"]
[White "Vaganian, Rafael A"]
[Black "Aleksandrov, Aleksej"]
[Result "1/2-1/2"]
[WhiteElo "2662"]
[BlackElo "2645"]
[PlyCount "156"]
[EventDate "2002.02.04"]
[Source "ChessBase"]
[SourceDate "2002.03.21"]

1. Nf3 d5 2. d4 Nf6 3. c4 e6 4. Nc3 Bb4 5. Bg5 h6 6. Bxf6 Qxf6 7. Qb3 c5 8. cxd5 exd5 9. a3 Bxc3+ 10. Qxc3 Nd7 11. g3 O-O 12. Bg2 Re8 13. O-O Rxe2 14. Rae1 Re6 15. Bh3 Re4 16. Nd2 Rxe1 17. Rxe1 Qd8 18. dxc5 Nxc5 19. Bg2 Na4 20. Qb4 Nb6 21. Nb3 Bd7 22. Na5 Qc7 23. h4 Rc8 24. Re3 Be6 25. Rc3 Qd7 26. Rxc8+ Qxc8 27. Qd4 Qc7 28. Qb4 h5 29. Bf3 g6 30. Kg2 Qd7 31. Qf4 Nc8 32. Nb3 Qd6 33. Qe3 b6 34. Nd4 Ne7 35. Qg5 Bd7 36. Ne2 d4 37. Nxd4 Qxd4 38. Qxe7 Kg7 39. b4 a5 40. bxa5 bxa5 41. Qg5 Bf5 42. Qc1 Be6 43. Bc6 Bb3 44. Bf3 a4 45. Qg5 Kf8 46. Qc1 Qd6 47. Be4 Ke7 48. f4 Qd4 49. Qc7+ Kf6 50. Bf3 Qd2+ 51. Kg1 Qd4+ 52. Kg2 Be6 53. Qc2 Kg7 54. Bc6 Bb3 55. Qc1 Kh7 56. Bf3 Kg7 57. f5 Bd5 58. fxg6 Bxf3+ 59. Kxf3 Qd5+ 60. Kf2 Qf5+ 61. Ke3 Qe5+ 62. Kf3 Qd5+ 63. Kf2 Kxg6 64. Qf4 Qa2+ 65. Kg1 Qb1+ 66. Kg2 Qc2+ 67. Qf2 Qxf2+ 68. Kxf2 Kf5 69. Kf3 f6 70. g4+ hxg4+ 71. Kg3 Ke4 72. Kxg4 f5+ 73. Kg3 Ke3 74. Kg2 Ke2 75. Kg3 Ke3 76. Kg2 Kf4 77. Kh3 Ke3 78. Kg2 Ke2 1/2-1/2

[Event "Poikovsky Karpov 3rd"]
[Site "Poikovsky"]
[Date "2002.04.21"]
[Round "6"]
[White "Sokolov, Ivan"]
[Black "Aleksandrov, Aleksej"]
[Result "1/2-1/2"]
[WhiteElo "2647"]
[BlackElo "2654"]
[PlyCount "98"]
[EventDate "2002.04.16"]
[Source "ChessBase"]
[SourceDate "2002.08.12"]

1. d4 Nf6 2. c4 e6 3. Nf3 d5 4. Nc3 Bb4 5. cxd5 exd5 6. Bg5 h6 7. Bh4 c5 8. e3 O-O 9. Bd3 c4 10. Bc2 Nbd7 11. O-O Qa5 12. Rc1 Bxc3 13. bxc3 Qxa2 14. Nd2 Qa6 15. f3 b5 16. e4 Qb6 17. e5 Nxe5 18. Bxf6 gxf6 19. f4 Ng4 20. Re1 f5 21. Nf1 Qg6 22. Ra1 a6 23. h3 Nf6 24. Re5 Be6 25. Ne3 Qg3 26. Qd2 Ne4 27. Bxe4 dxe4 28. Rf1 Rfe8 29. d5 Bd7 30. Rxe8+ Rxe8 31. d6 Rd8 32. Qd4 Be6 33. Qb6 Rd7 34. Qc5 Kg7 35. Qe5+ Kg8 36. Nc2 Qd3 37. Nd4 Qxc3 38. Qc5 Kh7 39. Nxf5 Qf6 40. Ne3 c3 41. Rd1 a5 42. f5 Bc4 43. Re1 c2 44. Nxc2 Bd3 45. Ne3 Qxd6 46. Qc1 h5 47. Qd2 a4 48. Qf2 Qh6 49. Rd1 a3 1/2-1/2

[Event "Camp. russo a squadre 2007"]
[Site "Sochi RUS"]
[Date "2007.05.04"]
[Round "3"]
[White "Tregubov, P."]
[Black "Eljanov, P."]
[Result "1/2-1/2"]
[WhiteElo "2615"]
[BlackElo "2686"]
[PlyCount "133"]
[EventDate "2007.05.02"]
[Source "www.chesslib.no"]
[SourceDate "2004.05.04"]

1. d4 Nf6 2. c4 e6 3. Nf3 d5 4. Nc3 Bb4 5. Bg5 Nbd7 6. cxd5 exd5 7. e3 c5 8. Qc2 O-O 9. Bd3 h6 10. Bh4 c4 11. Bf5 Nb6 12. O-O Bxf5 13. Qxf5 Qd7 14. Qc2 Qe6 15. Bxf6 Qxf6 16. e4 dxe4 17. Nxe4 Qf5 18. Rac1 Rac8 19. a3 Be7 20. Rfe1 Rfd8 21. Qe2 Bf8 22. Ned2 Qd3 23. Kf1 Qxe2+ 24. Kxe2 Re8+ 25. Kd1 Rxe1+ 26. Kxe1 Na4 27. Rxc4 Re8+ 28. Kf1 Nxb2 29. Rc7 Rb8 30. Ne4 Bxa3 31. Ne5 Rd8 32. Rxb7 Rxd4 33. f3 f5 34. Ng3 Rd1+ 35. Ke2 Rg1 36. f4 Bd6 37. Nxf5 Bxe5 38. fxe5 Rxg2+ 39. Kf3 Rg5 40. Ne7+ Kh7 41. Rxb2 Rxe5 42. Rb7 Rh5 43. Kg3 Rg5+ 44. Kf4 Rh5 45. Rb2 Rc5 46. Nf5 g5+ 47. Ke4 Kg6 48. Ng3 h5 49. Ra2 a5 50. Kd4 Rb5 51. Rc2 Rb4+ 52. Ke3 Rb3+ 53. Kf2 Rb6 54. Ne4 Rb4 55. Kf3 Rb3+ 56. Kg2 Rb6 57. Ra2 Rb4 58. Nf2 a4 59. Nd3 Rd4 60. Nc5 a3 61. Nb3 Rd3 62. Nd2 h4 63. Nc4 h3+ 64. Kf2 Rc3 65. Nxa3 g4 66. Nc2 g3+ 67. hxg3 1/2-1/2